| 000 | 00542cam a2200193 a 4500 | ||
|---|---|---|---|
| 020 | _a0070654352 : | ||
| 040 | _cDLC | ||
| 082 | 0 | 0 | _a332 MCG 1992 A013 Or. |
| 100 | 1 | _aTuller, Lawrence W. | |
| 245 | 1 | 4 | _aThe McGraw-Hill handbook of global trade and investment financing / |
| 260 |
_aNew York : _bMcGraw-Hill, _cc1992. |
||
| 300 |
_axxiv, 535 p. ; _c23 cm. |
||
| 500 | _aIncludes index. | ||
| 650 | 0 | _aExport credit | |
| 650 | 0 | _aInvestments, Foreign | |
| 650 | 0 | _aInternational finance | |
| 650 | 0 | _aInternational trade | |
| 942 | _cEK | ||
| 999 |
_c13328 _d13328 |
||